|
|
|
|
| LEADER |
01630nam a2200301 a 4500 |
| 001 |
00026051 |
| 008 |
121001r20122010ii a b 001 0 eng d |
| 999 |
|
|
|c 12867
|d 12867
|
| 020 |
|
|
|a 9788126521494
|
| 040 |
|
|
|a DLC
|c DLC
|d DLC
|d BD-DhAAL
|
| 082 |
0 |
0 |
|a 570.15195
|2 22
|
| 100 |
1 |
|
|a Daniel, Wayne W.,
|d 1929-
|9 30200
|
| 245 |
1 |
0 |
|a Biostatistics :
|b basic concepts and methodology for the health sciences /
|c Wayne W. Daniel
|
| 250 |
|
|
|a 9th ed.
|
| 260 |
|
|
|a New Delhi :
|b Wiley,
|c c2010. [Reprinted 2012]
|
| 300 |
|
|
|a xi, 783, 151, 6 p. :
|b col. ill. ;
|c 25 cm.
|
| 504 |
|
|
|a Includes bibliographical references and index.
|
| 541 |
|
|
|a 00026051
|
| 650 |
|
0 |
|a Medical Statistics.
|9 30201
|
| 650 |
|
0 |
|a Biometry.
|9 30202
|
| 650 |
|
0 |
|a Biometry
|x Methods
|9 30203
|
| 650 |
|
0 |
|a Pharmacy.
|9 44025
|
| 852 |
1 |
|
|a Ayesha Abed Library
|j General Stacks
|
| 942 |
|
|
|2 ddc
|c BK
|
| 952 |
|
|
|0 0
|1 0
|4 0
|6 570_151950000000000_DAN
|7 0
|9 21183
|a BRACUL
|b BRACUL
|c GEN
|d 2012-10-01
|e Parash Publishers
|g 1050.00
|l 12
|m 39
|o 570.15195 DAN
|p 3010026051
|r 2026-04-21
|s 2026-04-07
|t 1
|w 2012-10-01
|y BK
|
| 952 |
|
|
|0 0
|1 0
|4 0
|6 570_151950000000000_DAN
|7 0
|9 21184
|a BRACUL
|b BRACUL
|c GEN
|d 2012-10-01
|e Parash Publishers
|g 1050.00
|l 14
|m 101
|o 570.15195 DAN
|p 3010026052
|q 2026-05-19
|r 2025-10-13
|s 2025-10-13
|t 2
|w 2012-10-01
|y BK
|
| 952 |
|
|
|0 0
|1 0
|4 0
|6 570_151950000000000_DAN
|7 0
|9 21185
|a BRACUL
|b BRACUL
|c GEN
|d 2012-10-01
|e Parash Publishers
|g 1050.00
|l 13
|m 94
|o 570.15195 DAN
|p 3010026053
|r 2026-05-09
|s 2026-02-22
|t 3
|w 2012-10-01
|y BK
|
| 952 |
|
|
|0 0
|1 0
|2 ddc
|4 0
|6 570_151950000000000_DAN
|7 0
|9 22228
|a IGS
|b IGS
|c GEN
|d 2013-04-23
|e Mullick & Brothers
|g 1050.00
|l 0
|o 570.15195 DAN
|p 3010026841
|r 2013-04-23
|t 4
|w 2013-04-23
|y BK
|